Príprava a optimalizácia aktívnych vrstiev pre hybridné solárne články

Uložené v:
Podrobná bibliografia
Hlavný autor: Borsíková, Agáta (Autor)
Ďalší autori: Mikula, Milan (Vedúci práce)
Médium: Rukopis Kniha
Jazyk:Slovak
Vydavateľské údaje: 2016
Predmet:
On-line prístup:http://is.stuba.sk/zp/portal_zp.pl?podrobnosti=120682
Tagy: Pridať tag
Žiadne tagy, Buďte prvý, kto otaguje tento záznam!

MARC

LEADER 00000ntm a22000003a 4500
001 stuzp58469
003 SK-STU
005 20160719155556.8
007 ta
008 150427s2015----xo-----f-mn---000-0-slo-d
040 |a STU  |b slo 
041 0 |a slo 
100 1 |a Borsíková, Agáta  |u 049160  |4 aut  |U FCHPT Ústav prírodných a syntetických polymérov  |T FCHPT Oddelenie polygrafie a aplikovanej fotochémie  |X 43362  |U C9160  |Y 127  |7 43362 
242 0 1 |a Preparation and optimalization of the active layers of hybrid solar cells  |y eng 
245 1 0 |a Príprava a optimalizácia aktívnych vrstiev pre hybridné solárne články 
260 |c 2016 
650 4 |a solárny článok  |2 slo 
650 4 |a perovskit  |2 slo 
650 4 |a infiltrácia  |2 slo 
650 4 |a perovskite  |2 eng 
650 4 |a infiltration  |2 eng 
650 4 |a solar cell  |2 eng 
700 1 |a Mikula, Milan  |u 049160  |k Z1  |4 ths  |U FCHPT Ústav prírodných a syntetických polymérov  |T FCHPT Oddelenie polygrafie a aplikovanej fotochémie  |X 3335  |U C9160  |Y 127  |7 A000003335 
856 4 |u http://is.stuba.sk/zp/portal_zp.pl?podrobnosti=120682 
SQL |a stuzp58469  |b DDP  |c SLO  |d Príprava a optimalizácia aktívnych vrstiev pre hybridné solárne články  |e 43362  |f Borsíková, Agáta  |g 049160  |h 3335  |i Mikula, Milan  |j 20160606  |k 542  |l 04  |m http://is.stuba.sk/zp/portal_zp.pl?podrobnosti=120682  |n I-PSP  |o 5.2.18. chemické technológie